How to publish your phd , a practical guide for the humanities and social sciences (Record no. 572920)

000 -LEADER
fixed length control field 00555nam a22001817a 4500
003 - CONTROL NUMBER IDENTIFIER
control field CEME
005 - DATE AND TIME OF LATEST TRANSACTION
control field 20210628203254.0
008 - FIXED-LENGTH DATA ELEMENTS--GENERAL INFORMATION
fixed length control field 210204b xxu||||| |||| 00| 0 eng d
020 ## - INTERNATIONAL STANDARD BOOK NUMBER
International Standard Book Number 9782132102915
040 ## - CATALOGING SOURCE
Transcribing agency .
082 ## - DEWEY DECIMAL CLASSIFICATION NUMBER
Classification number 070.5 CAR
100 ## - MAIN ENTRY--PERSONAL NAME
Personal name Caro, Sarah
9 (RLIN) 64431
245 ## - TITLE STATEMENT
Title How to publish your phd , a practical guide for the humanities and social sciences
260 ## - PUBLICATION, DISTRIBUTION, ETC.
Place of publication, distribution, etc. INDIA
Name of publisher, distributor, etc. SAGE
Date of publication, distribution, etc. 2010
300 ## - PHYSICAL DESCRIPTION
Extent 136P
650 ## - SUBJECT ADDED ENTRY--TOPICAL TERM
Topical term or geographic name entry element SCHOLARY PUBLISHING - HANDBOOKS MANUAL ETC., HOW TO PUBLISH YOUR PHD. ACADEMIC WRITING
9 (RLIN) 64432
942 ## - ADDED ENTRY ELEMENTS (KOHA)
Koha item type Book
Source of classification or shelving scheme
Holdings
Withdrawn status Lost status Damaged status Not for loan Permanent Location Current Location Shelving location Date acquired Total Checkouts Full call number Barcode Date last seen Price effective from Koha item type
        College of Electrical & Mechanical Engineering (CEME) College of Electrical & Mechanical Engineering (CEME) General Stacks 07/26/2017   070.5 CAR CEME-45925 06/28/2021 06/28/2021 Book
© 2023 Central Library, National University of Sciences and Technology. All Rights Reserved.